LDR 00619naa#a2200169#i#450# 001 EN\FGKOU VO SPBU MVD ROSSII\bibl\100825 005 20260701055520.3 011 ## _a2071-8284 100 ## _a20260630b2026####ek#y0engy0150####ca 101 0# _aRUS 102 ## _aRU 200 1# _aPriority directions for improving the legistics quality in the context of globalisation _eJournal article 210 1# _aSt. Petersburg _cSAINT-PETERSBURG UNIVERSITY OF THE MINISTRY OF INTERNAL AFFAIRS OF THE RUSSIAN FEDERATION _d2026 215 ## _a9 с. 608 ## _aJournal article _2local 700 #1 _aChernegova _gViktoriya Vladimirovna 856 4# _avestnikspbmvd.ru _u